000 00542nam a2200181Ia 4500
005 20250326124347.0
008 250326s9999 xx 000 0 und d
037 _aTextbook
040 _aFMSL
_beng
_cFMSL
041 _aeng
_2eng
084 _aX:77 L2;2
_qFMSL
100 _aBhattasali B N
_9337867
245 0 _aProductivity and economic development
_cBhattasali B N; Bhattasali G
260 _aTokyo
_bTokyo, Asian Productivity Organization
_c1972
300 _a121p
942 _cTB
_hX:77 L2;2
999 _c1273429
_d1273429